000
00211 a2200097 4500
001
3891
100
_a
Valkenbwegh, V
245
_a
Basic synchros & servomechanisms
260
_a
_b
Rider
_c
090
_c
3121
_d
3121
942
_a
NUST-CAE
_c
M
_c
23570
999
_c
238964
_d
238964